Guess the Hamilton Song #26 - Statistics

General Stats
  • This quiz has been taken 1,002 times
  • The average score is 60 of 123
Answer Stats
Lyric % Correct
a
98%
I
95%
you
87%
You
87%
the
81%
no
73%
When
71%
me
68%
And
67%
and
67%
in
64%
my
64%
on
64%
was
64%
know
62%
are
60%
we
57%
your
57%
Who
56%
who
56%
young
55%
its
54%
now
48%
has
47%
than
45%
history
44%
History
44%
younger
44%
eyes
43%
first
43%
what
43%
of
42%
tell
41%
command
40%
that
40%
can
39%
given
39%
have
38%
lives,
38%
dies,
36%
story
36%
led
35%
win
35%
into
34%
their
33%
tells
32%
straight
31%
lie
30%
massacre
29%
deaths
27%
Let
27%
witnessed
27%
I'd
26%
firsthand
25%
glory
25%
dreamed
24%
every
24%
made
24%
control
23%
wish
23%
from
22%
man
22%
mistake
22%
But
21%
rise
19%
awake
18%
known
18%
even
17%
Knowing
17%
shame
17%
felt
16%
greatness
16%
here
16%
lies
15%
remember
14%
(Whoa)
8%
Whoa
8%
Yeah
6%
No matching quizzes found
Score Distribution
Percent of People with Each Score
Percentile by Number Answered
Your Score History
You have not taken this quiz